000 00667nam a22002297a 4500
003 UA-OsUOA
001 72556
007 ta
008 20110124b un ||||| |||| 00| 0 ukr d
090 _a821.161.1-1
_bР89
942 _cBK
040 _aUA-OsUOA
_brus
_cUA-OsUOA
_dUA-OsUOA
245 _aРусская поэзия Золотого века: антология
_cавт.-сост. Дмитренко С.
300 _a448 с.
955 _a2
041 _arus
080 _a821.161.1-1
020 _a978-5-699-26757-6
260 _aМ.
_bЭксмо
_c2009
650 7 _a82 Література. Літературознавство
_2UDC
999 _c358839
_d358839